Kí túc xá đại học Ngoại thương Tp. Hồ Chí Minh quận Bình Thạnh

Đồ án tốt nghiệp Đại học trường Đại học Thủ Dầu Một, 2012 - 2015; Đồ án gồm: Phần 1: Kiến trúc: Giới thiệu tổng quan về công trình nhà ký túc xá Đại học Ngoại thương; Phần 2 Kết cấu: Thiết kế tầng sàn điển hình: Chương 1 Phân tích l...

Popoln opis

Shranjeno v:
Bibliografske podrobnosti
Glavni avtor: Vũ, Xuân Cường
Drugi avtorji: Trần Đăng Bảo
Format: Knjiga
Jezik:Undetermined
Izdano: Bình Dương, 2015
Teme:
Online dostop:http://lrc.tdmu.edu.vn/opac/search/detail.asp?aID=2&ID=26367
Oznake: Označite
Brez oznak, prvi označite!
Thư viện lưu trữ: Trung tâm Học liệu Trường Đại học Thủ Dầu Một
LEADER 01884nam a2200193Ia 4500
001 TDMU_26367
008 210410s9999 xx 000 0 und d
082 |a 330.9597 
090 |b V500 
100 |a Vũ, Xuân Cường 
245 0 |a Kí túc xá đại học Ngoại thương Tp. Hồ Chí Minh quận Bình Thạnh 
245 0 |c Vũ Xuân Cường; ThS. Trần Đăng Bảo, ThS. Nguyễn Minh Thi (h.dẫn) 
260 |a Bình Dương, 2015 
300 |a 231tr. 
520 |a Đồ án tốt nghiệp Đại học trường Đại học Thủ Dầu Một, 2012 - 2015; Đồ án gồm: Phần 1: Kiến trúc: Giới thiệu tổng quan về công trình nhà ký túc xá Đại học Ngoại thương; Phần 2 Kết cấu: Thiết kế tầng sàn điển hình: Chương 1 Phân tích lựa chọn giải pháp kết cấu công trình. Chương 2. Tải trọng và tác động. Chương 3 Tính toán và tổ hợp nội lực. Chương 4. Tính toán cấu kiện. Chương 5 Kiểm tra ổn định công trình. Chương 6. Tính toán cầu thang bộ. Chương 7 Thiết kế móng khung trục 4; Phần 3 Thi công: Chương 8. Công tác chuẩn bị thi công. Chương 9. Thiết kế biện pháp thi công và hoàn thiện. Chương 10. Tổ chức lập tiến độ thi công. Chương 11. Thiết kế tổng mặt bằng thi công 
650 |a Đồ án tốt nghiệp; Xây dựng  |x Kí túc xá ĐH Ngoại Thương  |z Bình Thạnh (Tp. Hồ Chí Minh) 
700 |a Trần Đăng Bảo 
856 |u http://lrc.tdmu.edu.vn/opac/search/detail.asp?aID=2&ID=26367 
980 |a Trung tâm Học liệu Trường Đại học Thủ Dầu Một